[Event "EU-chT (Men) 13th"]
[Site "Leon"]
[Date "2001.11.13"]
[Round "7.1"]
[White "Van Wely, Loek"]
[Black "Fedorov, Alexei"]
[Result "1-0"]
[WhiteElo "2714"]
[BlackElo "2599"]
[Annotator "Tsesarsky,I"]
[PlyCount "77"]
[EventDate "2001.11.06"]
[EventType "team-swiss"]
[EventRounds "9"]
[EventCountry "ESP"]
[SourceTitle "CBM 086"]
[Source "ChessBase"]
[SourceDate "2002.02.05"]
[SourceVersion "1"]
[SourceVersionDate "2002.02.05"]
[SourceQuality "1"]
[WhiteTeam "Netherlands"]
[BlackTeam "Belarus"]
[WhiteTeamCountry "NED"]
[BlackTeamCountry "BLR"]

1. d4 Nf6 2. c4 g6 3. Nc3 Bg7 4. e4 d6 5. Nf3 O-O 6. Be2 e5 7. O-O Nc6 8. d5
Ne7 9. b4 Nh5 10. Re1 a5 11. bxa5 Rxa5 12. Nd2 Nf4 13. Bf1 c5 14. a4 Nh5 (14...
h6 15. Nb3 (15. Ra3 g5 16. Nb3 (16. Nb5 Ra6 17. g3 $14 {1/2-1/2 Balogh,V-Gara,
A/Budapest 2000/CBM 78 ext (26)}) 16... Ra6 17. a5 f5 18. g3 (18. Be3 Nfg6 19.
f3 f4 20. Bf2 h5 21. Na4 g4 22. Nb6 (22. Naxc5 $6 dxc5 23. Nxc5 Rxa5 24. Rxa5
Qxa5 25. d6 g3 26. hxg3 fxg3 27. Be3 Nc6 28. d7 Nd4 $1 $15 {0-1 Szeberenyi,
A-Dominguez,L/Aviles 1999/EXT 2000 (36)}) 22... gxf3 23. Nxc8 Qxc8 24. Qxf3 Qg4
25. Be2 Qxf3 26. Bxf3 h4 27. Bg4 $14) 18... Nfg6 19. exf5 Bxf5 20. Bd3 $14)
15... Ra6 (15... Ra8 16. a5 g5 17. Na4 f5 18. Nb6 Rb8 19. g3 Nfg6 20. Nxc5 dxc5
21. d6 Be6 22. dxe7 Qxe7 23. exf5 Bxf5 24. Be3 $14 {1-0 Szeberenyi,A-Horvath,G/
Budapest 1998/EXT 99 (54)}) 16. a5 b6 17. Nb5 f5 18. g3 Nh5 19. Bd2 fxe4 20.
axb6 Rxa1 21. Qxa1 Nf5 22. Bg2 Nf4 23. gxf4 (23. Rxe4 Nxg2 24. Kxg2 Qf6 25. f4
g5 26. Kh1 (26. fxe5 Ne3+ $19) 26... gxf4 27. gxf4 Qg6 28. Re2 (28. Na7 Nh4 29.
Re2 Bg4 {Kommentar : GM G.Barbero. 0-1 Epishin,V-Pikula,D/Biel 1996/EXT 98 (29)
}) 28... Nh4 $17) 23... exf4 24. Qb1 e3 25. fxe3 fxe3 26. Bxe3 $16) (14... Ra6
15. Ra3 {-mainline} (15. Rb1 Kh8 16. g3 Nh5 17. Be2 $14 {1-0 Savchenko,
S-Relange,E/Cappelle la Grande 1997/CBM 57 ext (39)}) (15. Nb5 g5 16. g3 Nh3+
17. Bxh3 Bxh3 18. Qh5 Qd7 19. Qxg5 $14 {0-1 Szymanski,M-Mista,A/Rowy 1998/EXT
2000 (36)}) (15. Nb3 b6 (15... h6 16. a5 g5 17. Na4 f5 18. g3 Nfg6 19. Nb6 fxe4
20. Nxc8 Qxc8 21. Bg2 Nf5 22. Bxe4 $14 {0-1 Lobo,R-Grefe,J/San Francisco 1998/
CBM 63 ext (46)}) 16. a5 bxa5 17. Ra4 Nh5 18. Bd2 f5 19. Qa1 Nf6 20. f3 Bd7 21.
Nb5 $44 {1/2-1/2 Epishin,V-Ye Jiangchuan/Geneve 1997/EXT 98 (27)}) 15... Kh8 (
15... g5 {-see famous commented game  1-0 Kramnik,V-Kasparov,G/Novgorod 1997/
CBM 60[Huzman,A] (32)}) 16. Nb5 Ng8 17. Nf3 Bh6 18. Bb2 Bg7 19. h3 {-see
detailed commented game 1-0 Tsesarsky,I-Peker,O/Petah Tiqwa 1997/CBM 61
[Tsesarsky,I] (48)}) (14... h5 15. Nb5 (15. Rb1 h4 16. g3 Nh5 17. Be2 Nf6 18.
g4 Nh7 19. Nb3 Ra6 20. g5 f6 21. gxf6 Bxf6 22. Bh6 Rf7 $132 {1/2-1/2 Visser,
H-Van Beek,A/Hengelo 2000/EXT 2001 (89)}) 15... Ra6 16. Ra3 h4 17. Nf3 Bg4 18.
h3 Bh5 19. Bxf4 exf4 20. Qd2 Bxf3 21. Rxf3 g5 $132 {0-1 Salov,V-Polgar,J/Wijk
aan Zee 1998/CBM 62 ext (71)}) (14... f5 15. g3 Nh5 16. exf5 Nxf5 17. Nde4 (17.
g4 Nd4 18. gxh5 Qg5+ 19. Kh1 Bg4 {1-0 Grebionkin,V-Manakov,I/St Petersburg
2000/EXT 2001 (41)}) (17. Bg2 Nf6 18. Nde4 h6 19. Ra3 Nd4 20. Nxf6+ Rxf6 21.
Ne4 $14 {1-0 Koster,R-Vuilleumier,A/Hoogeveen NED 2001/The Week in Chess 363 
(51)}) 17... h6 18. Bg2 Nd4 19. Nb5 Ra6 20. Ra2 Nf6 21. Be3 Bf5 {1-0
Shchekachev,A-Hoellrigl,W/Schwarzach 1999/EXT 2000 (41)}) 15. Ra3 (15. Nb3 Ra6
16. Bd2 Nf6 17. a5 Nd7 18. Na4 f5 19. f3 f4 20. Qc2 $14 {1/2-1/2 Chuprov,
D-Fedorov,A/Smolensk 2000/CBM 77 (43)}) 15... Nf6 (15... Ra6 16. Nb5 Nf6 17.
Bb2 Nd7 18. g3 f5 19. exf5 (19. f4 $5 {this idea will be implemented in our
game - see below.} exf4 (19... g5 $2 20. fxg5 f4 21. Bh3 Nb6 22. Bxc8 Nexc8 23.
a5 Nd7 24. Qg4 $16 {1-0 Xu Jun-Magai,V/Istanbul 2000/EXT 2001 (35)}) 20. Bxg7
Kxg7 21. gxf4 fxe4 22. Nxe4 {[%csl Rd6][%cal Ge4d6,Gb5d6]} Nf6 23. Qa1 (23. Ng5
Nh5 $15 {[%csl Rf4]}) 23... Nf5 24. Bd3 $14) 19... gxf5 20. Bg2 Ng6 21. h4 e4
22. Bxg7 Kxg7 23. f4 Nf6 24. Nf1 Ne7 25. Ne3 $14 {1/2-1/2 Shirov,A-Bologan,V/
Tallinn 2000/CBM 74 ext (57)}) (15... Kh8 16. Nb5 Ra6 17. g3 Ng8 18. Bb2 Nhf6
19. Nf3 Ng4 20. Nh4 f5 21. exf5 gxf5 22. Bh3 N8h6 23. f3 Nf6 24. Ng2 Bd7 25.
Rf1 Rg8 26. Kh1 Rf8 27. Qa1 Ne8 28. f4 $14 {1/2-1/2 Ionov,S-Dolmatov,S/Elista
RUS 2001/The Week in Chess 339 (45)}) 16. Nb5 $14 {We can evaluate this
position as better for White because of space advantage. This position hasn't
big difference from positions in opening review.} Ne8 17. Bb2 f5 18. f4 $1 $16
{[%mdl 4] We had seen already similar idea - see above.} ({White isn't
satisfied by slight advantage after} 18. exf5 Nxf5 (18... gxf5 19. Nb3 Ra6 20.
a5 $14) 19. Ne4 $14) 18... exf4 19. e5 $1 dxe5 20. Bxe5 Bxe5 21. Rxe5 g5 $5 ({
Another way is also not effective:} 21... Nd6 22. Nb3 Ra8 23. Nxc5 Nxb5 24.
cxb5 Qd6 25. Qd4 $1 b6 {[%csl Ra3][%cal Gd6a3]} 26. Rxe7 $1 Qxe7 27. d6 Qg7 (
27... bxc5 28. Bc4+ $18) 28. Qd5+ Kh8 29. Qxa8 Qd4+ 30. Kh1 Qxc5 (30... Qxd6
31. Qc6 (31. Rc3 bxc5 32. a5 Re8 33. b6 Bd7 34. Qf3 Bc6 35. Qf2 Qd1 36. Rxc5
Re1 37. Kg1 Rxf1+ 38. Qxf1 Qd4+ 39. Qf2 Qd1+ $11) 31... Qxc6 (31... Qxc5 32.
Qxc5 bxc5 33. a5 $18) 32. bxc6 bxc5 33. a5 Rf7 34. a6 Ra7 35. Kg1 $18 {[%cal
Ga3b3]}) 31. Rd3 Qc1 32. Qf3 $16) 22. Nb3 Ra6 (22... Ng6 23. Re1 Ra8 24. Nxc5
$16) 23. Nxc5 Rh6 24. d6 $1 Nxd6 $6 $18 ({White leaves with advantage also
after more stubborn} 24... Nc6 $142 25. Rd5 (25. Qd5+ Kh8 26. d7 Nf6 27. Ne6 (
27. dxc8=Q Qxc8 28. Qe6 Nxe5 29. Qxe5 Re8 30. Qd4 $16) 27... Nxd5 28. Nxd8 Bxd7
29. Nxc6 bxc6 30. cxd5 cxb5 31. axb5 $16) 25... b6 26. d7 bxc5 27. dxc8=Q Qxc8
28. Rxc5 $16) 25. Rd3 {[%csl Rd6][%cal Gd1d8] The pin of Nd6 is very
unpleasant.} Rff6 26. a5 $5 ({Possible also} 26. Nb3 {[%cal Gc4c5]} b6 {
[%cal Gb6c5]} 27. a5 Ba6 28. axb6 Nc6 29. Rxd6 Rxd6 30. Nxd6 Rxd6 31. Rd5 $18)
26... g4 27. Na4 $4 $15 {[%csl Rd6][%cal Gc4c5] Terrible mistake allows Black
to complicate the game.} ({Why not} 27. Qd2 $1 {[%csl Rd6]} Kg7 (27... f3 $140
28. Nxd6 $1 Rxd6 29. Qxh6 $3 $18) 28. Re1 $18 {[%csl Rd6][%cal Ge1d1]}) 27...
f3 $1 28. c5 Nc6 $1 29. Rxd6 $4 $19 {The second mistake makes position of
White lost...} (29. Red5 $142 f2+ 30. Kxf2 (30. Kh1 Re6 31. Rxd6 (31. Nxd6 Qh4
32. h3 Re1 33. Nxc8 Rxd1 34. Rxd1 gxh3 $19) 31... Qh4 $19) 30... Ne4+ 31. Kg1
Qxa5 $15) 29... Rxd6 30. Nxd6 Nxe5 31. Qd5+ Re6 32. Nb6 fxg2 (32... Bd7 33.
Nxf5 Qg5 $19) 33. Kxg2 Qh4 $2 $132 {Maybe both of sides were in great time
pressure - how can we explain too many mistakes at the end of the game?} ({
Right was} 33... Bd7 34. Bb5 Ng6 $1 {[%csl Rd5,Rg2][%cal Gg6f4]} 35. Bxd7 $1
Qxd7 $1 $19 (35... Nf4+ 36. Kf1 Nxd5 37. Bxe6+ Kf8 38. Bxd5 Qg5 $13)) 34. Nbxc8
Qh3+ 35. Kf2 Qxh2+ $4 $18 (35... g3+ 36. Ke2 $1 (36. hxg3 Ng4+ $19) 36... Qg4+
37. Kd2 Qf4+ 38. Kc2 Qa4+ 39. Kb2 Qb4+ $11 {with perpetuum check.}) 36. Bg2
Qf4+ (36... Nd3+ 37. Qxd3 Qf4+ 38. Kg1 Qc1+ 39. Bf1 Qxc5+ 40. Kg2 Qc6+ 41. Kh2
Qc1 42. Qb3 $18) 37. Ke2 $1 Qh6 38. Qxe6+ $1 Qxe6 39. Bd5 {Dramatic final!} (
39. Bd5 Qxd5 40. Ne7+ Kg7 41. Nxd5 $18 {[%csl Rb7][%cal Ga5a8]}) 1-0

[Event "FIDE-Wch k.o."]
[Site "Moscow"]
[Date "2001.12.01"]
[Round "3.1"]
[White "Van Wely, Loek"]
[Black "Ye, Jiangchuan"]
[Result "0-1"]
[WhiteElo "2714"]
[BlackElo "2681"]
[Annotator "Tsesarsky,I"]
[PlyCount "114"]
[EventDate "2001.11.27"]
[EventType "k.o."]
[EventRounds "7"]
[EventCountry "RUS"]
[SourceTitle "CBM 086"]
[Source "ChessBase"]
[SourceDate "2002.02.05"]
[SourceVersion "1"]
[SourceVersionDate "2002.02.05"]
[SourceQuality "1"]

1. d4 Nf6 2. c4 g6 3. Nc3 Bg7 4. e4 d6 5. Nf3 O-O 6. Be2 e5 7. O-O Nc6 8. d5
Ne7 9. b4 a5 10. Ba3 b6 (10... axb4 11. Bxb4 b6 12. a4 Re8 13. Re1 Bb7 14. Bf1
Bf8 15. Nb5 Ba6 16. a5 c5 17. Bc3 Bxb5 18. cxb5 bxa5 19. Nd2 Nc8 20. Nc4 $16 {
1-0 Epishin,V-Roeder,M/Ohrid MKD 2001/The Week in Chess 345 (39)}) 11. bxa5
Rxa5 12. Bb4 Ra8 13. a4 Re8 14. Re1 Bf8 (14... Nd7 15. a5 c5 16. dxc6 Nxc6 17.
Bxd6 Rxa5 $132 {1-0 Delchev,A-Safranska,A/Albacete ESP 2001/The Week in Chess
358 (54)}) 15. h3 (15. Bf1 c5 16. Ba3 (16. dxc6 Nxc6 17. Ba3 Bg4 18. h3 Bxf3
19. Qxf3 Nd4 20. Qd1 Nd7 21. Bb2 Nc5 $11 {[%csl Gc5,Gd4] 1/2-1/2 Ostojic,
N-Djukic,N/Herceg Novi YUG 2001/The Week in Chess 335 (26)}) 16... Bh6 {
-see detailed commented game 0-1 Eljanov,P-Ponomariov,R/Kharkov 2001/CBM 83_01
[Tsesarsky,I](46)}) 15... Bb7 (15... Nh5 16. Bf1 Nf4 17. Nb5 Bg7 $14 (17... g5
$2 18. g3 Nexd5 $6 (18... Nxh3+ 19. Bxh3 Bxh3 (19... g4 20. Ng5 Bh6 21. Nxf7
Kxf7 22. Bxg4 $18) 20. Nxg5 Bd7 21. Qh5 $18 {[%csl Rf7,Rh7]}) 19. cxd5 Nxh3+
20. Bxh3 Bxh3 21. Qc1 $18 {1-0 Berry,N-Snape,I/Scarborough HUN 2001/The Week
in Chess 353 (35)})) 16. Bf1 c5 17. Ba3 Bg7 $14 {This position is in White's
favour because of space advantage. Ye had played this variation not onse...} (
17... Bc8 18. Nb5 Bg7 19. Bb2 Rf8 20. Ra3 $14 {1/2-1/2 Kasimdzhanov,R-Ye
Jiangchuan/Istanbul 2000/EXT 2001 (65)}) 18. Rb1 ({Worth of attentio wellknown
plan:} 18. Bc1 {[%cal Ga1a3,Gc3b5]}) 18... Bc8 19. Bc1 Bd7 20. Nb5 Nc8 21. g3
Rf8 22. Bg5 Kh8 23. Kh2 Ne7 24. Bd3 (24. Nxd6 Bxa4 25. Nxf7+ Rxf7 26. Nxe5 Rf8
27. Qd2 Nc8 28. Nxg6+ hxg6 29. e5 $13) 24... Ne8 25. Bc2 f6 26. Bd2 f5 27. Kg2
$6 $132 (27. Ng5 $1 {[%cal Gg5e6]} Qc8 28. exf5 Nxf5 (28... Bxf5 29. f4 $1 $16
{[%cal Gc2f5,Gg5e6]}) (28... gxf5 29. Qh5 Nf6 30. Qe2 {[%csl Rd6]} (30. Nf7+
Kg8 31. Nh6+ Kh8 32. Qg5 $16) 30... Ne8 31. Nc3 {[%csl Rb6]} Ra6 32. Qh5 Nf6
33. Nf7+ Kg8 34. Nh6+ Kh8 35. Qg5 f4 36. gxf4 Bxh3 37. Rg1 $18) 29. Ne4 Nd4 30.
Nxd4 cxd4 {[%csl Rc4,Rh3]} 31. Rxb6 Qxc4 (31... Bxh3 32. Rc6 $16) 32. Bb4 Qc8 (
32... Qxd5 33. Bb3 $18) 33. Qd2 Bxh3 34. Nxd6 Nxd6 35. Bxd6 Re8 36. f4 e4 37.
Rxe4 Rxe4 38. Bxe4 $16) 27... Qc8 {[%csl Rh3][%cal Gc8h3]} 28. Rh1 {[%cal
Gh1h3]} Ng8 29. Bc3 Ngf6 30. Nd2 fxe4 $6 $14 ({Interesting was} 30... Bh6 $5
$132 {[%csl Re4][%cal Ge8g7,Gh6d2]}) 31. Nxe4 Nxe4 32. Bxe4 Bf5 33. Bc2 (33. f3
$14) 33... Qd7 34. f3 Nf6 35. g4 (35. Bxf5 gxf5 36. Re1 Rg8 37. Bd2 e4 38. Rf1
(38. Nc3 Nh5 39. fxe4 Nxg3 $17) 38... exf3+ 39. Rxf3 Ne4 40. Be1 Be5 41. Qc2
Qg7 $17 {[%csl Rg3]}) 35... Bxc2 36. Qxc2 Bh6 $1 37. Be1 e4 38. Rf1 (38. fxe4
Nxg4 39. hxg4 Qxg4+ 40. Bg3 Qf3+ 41. Kh2 Qh5+ 42. Kg2 Qf3+ $11) 38... Rae8 39.
Bg3 $2 $11 (39. fxe4 Nxe4 40. Rxf8+ Bxf8 41. Nc3 Nf6 42. Bg3 (42. g5 Nh5 $132 {
[%csl Rg2][%cal Gh5f4]}) 42... Qd8 43. Qb2 {[%csl Rb6][%cal Gb2h8]} Bg7 44.
Qxb6 Nxg4 45. hxg4 Bxc3 46. Qxd6 $16) 39... Nh5 $1 40. fxe4 $2 $17 {White wins
P, but weak dark squares and white K makes position of White worse.} ({Right
was to agree with draw after} 40. gxh5 $1 exf3+ 41. Rxf3 ({Badly is} 41. Kg1 $2
{in view of} Re2 $1 ({Not} 41... Qxh3 $2 42. Qh2 $1 (42. Qb2+ Kg8 43. Qh2 Qg4
44. Qh4 Re4 45. Qxg4 Rxg4 46. Kf2 Rxc4 47. Bxd6 (47. Rh1 g5 48. Nxd6 Rxa4 49.
Rhd1 Ra2+ 50. Kf1 g4 $132) 47... Rc2+ 48. Kg3 Rf5 $11) 42... Qg4 43. Qh4 (43.
Kh1 Rf5 $19 {[%cal Gf5h5]}) 43... Re4 44. Qxg4 Rxg4 45. Kf2 Rxc4 46. Rh1 Rc2+
47. Kf1 gxh5 48. Nxd6 Bf4 49. Bxf4 Rxf4 50. Rxh5 Rxa4 51. Re1 Ra8 52. Rf5 $16)
42. Qc3+ Bg7 43. Rxf3 Bxc3 44. Rxf8+ Kg7 45. Rf3 Be5 $17) 41... Rxf3 42. Kxf3
Qxh3 43. Rg1 $8 Rf8+ 44. Ke2 Re8+ 45. Kf3 Rf8+ $11) 40... Nxg3 41. Kxg3 Qe7 42.
Kg2 (42. Nc3 Bg7 $1 $17 (42... Bf4+ $2 $11 43. Rxf4 $1 (43. Kg2 Be5 44. Ne2 h5
45. Qd2 {-like in this game - see below.}) 43... Qe5 44. Ne2 g5 45. Qc3 gxf4+
46. Kf3 $44)) 42... Bf4 43. Nc3 Be5 44. Ne2 h5 45. Qd2 Kh7 $2 $44 ({Right was} 
45... Bg7 $1 46. Nc3 Rxf1 47. Rxf1 hxg4 48. hxg4 Kg8 $17 {[%csl Rc3,Re4,Rg2]
[%cal Gg7c3]}) 46. Rxf8 $2 $19 ({Why not} 46. Qe3 $1 Qh4 (46... hxg4 $2 47.
hxg4 Kg7 48. Rxf8 Rxf8 49. Rh1 $16) 47. gxh5 $1 gxh5 48. Rf3 $1 {And White
equalizes:} (48. Rxf8 $2 Rxf8 49. Rxb6 Rf7 $1 50. Rb1 Bd4 $1 $19) 48... Rxf3 (
48... Rg8+ 49. Kh1 Ref8 (49... Rg4 {[%csl Re4]} 50. Rxb6 Re7 (50... Rxe4 51.
Rb7+ Bg7 52. Qc3 R8e7 (52... Rg4 53. Rf4 $1 $18) 53. Rxe7 Qxe7 54. Qd3 Kh8 55.
Nf4 Re1+ 56. Rf1 Rxf1+ 57. Qxf1 Qe4+ 58. Ng2 Qc2 59. a5 Qc3 {[%csl Ra5,Rh3]}
60. Nf4 Qxa5 61. Nxh5 Be5 62. Nf4 $16) 51. Qf2 Qxf2 52. Rxf2 Rxe4 53. a5 Rxc4
54. a6 Rb4 55. Rxb4 cxb4 56. Nc1 $11) 50. Ng1 Bd4 51. Qd3 Rxf3 52. Qxf3 Rg3 53.
Qf5+ Kh6 54. Rf1 Be5 55. Rf2 Rg6 56. Qf8+ $11) 49. Qxf3 Rg8+ 50. Kh1 Rf8 51.
Qxf8 Qxe4+ 52. Kg1 Qxb1+ 53. Kf2 Qe4 54. Qf7+ Kh6 55. Qe6+ Kg5 56. Qe7+ Kg6 57.
Qe6+ $11) 46... Rxf8 47. Qe3 Qh4 48. g5 ({Loses} 48. gxh5 gxh5 49. Rg1 (49.
Rxb6 Rf7 $1 50. Rb3 (50. Rb1 Bd4 $19) 50... Qe1 51. Ng3 Bxg3 52. Qxe1 Bxe1 $19)
) 48... Bd4 49. Nxd4 cxd4 50. Qe1 (50. Qe2 Qxg5+ 51. Kh1 Qg3 52. Qg2 Qe3 53.
Rg1 g5 $19) 50... Qxg5+ 51. Qg3 Qd2+ 52. Kh1 Qe2 53. Re1 d3 $4 $11 {Black puts
terrible mistake.} (53... Rf1+ 54. Rxf1 Qxf1+ 55. Kh2 d3 $19) 54. Kg1 $4 $19 {
...but White doesn't use his chance...} (54. Rxe2 $1 Rf1+ 55. Kg2 dxe2 56. Qf2
$1 {This move was overlooked by both sides...} e1=Q 57. Qxf1 Qxe4+ 58. Qf3 Qxc4
59. Qf7+ Kh6 60. Qf8+ Kg5 61. Qe7+ Kf5 62. Qe6+ Kg5 (62... Kf4 63. Qxd6+ Ke4
64. Qxg6+ Kxd5 65. Qxh5+ $16) 63. Qe7+ $11) 54... Rf3 55. Qh4 Qb2 56. e5 d2 57.
Rd1 Qc2 0-1

[Event "Bundesliga 0304"]
[Site "Germany"]
[Date "2003.12.12"]
[Round "7.4"]
[White "Pelletier, Yannick"]
[Black "Hjartarson, Johann"]
[Result "1/2-1/2"]
[WhiteElo "2604"]
[BlackElo "2640"]
[Annotator "Pelletier,Y"]
[PlyCount "104"]
[EventDate "2003.11.01"]
[EventType "team-tourn"]
[EventRounds "15"]
[EventCountry "GER"]
[SourceTitle "CBM 099"]
[Source "ChessBase"]
[SourceDate "2004.03.30"]
[SourceVersion "1"]
[SourceVersionDate "2004.03.30"]
[SourceQuality "1"]
[WhiteTeam "Werder Bremen"]
[BlackTeam "Bremer SG"]
[WhiteTeamCountry "GER"]
[BlackTeamCountry "GER"]

1. Nf3 g6 2. d4 Bg7 3. c4 d6 4. Nc3 Nf6 5. e4 O-O 6. Be2 e5 7. O-O Nc6 8. d5
Ne7 9. Bg5 h6 10. Bxf6 Bxf6 11. b4 Bg7 12. Nd2 ({Normalerweise bevorzugt Weiss
} 12. c5 f5 13. Nd2 {, aber meines Erachtens gibt das Schwar ein ziemlich
freies Spiel wegen} fxe4 {gefolgt von Nf5.}) 12... f5 13. f3 {Nun kann der
Nachziehende mittels f4 einen typischen königsindischen Angriff einleiten. Bei
Weiss fehlt leider der schwarzfeldrige Läufer für einen perfekten Druck am
Damenflügel, aber Schwarz vermisst auch seinen Springer, um den Vorstoss des
g-Bauern durchzusetzen. Hjartarson wartet also lieber ab und verbessert zuerst
die Stellung seiner Figuren.} Kh8 (13... h5 14. c5 Bh6 15. Nc4) (13... f4 14.
c5 g5 15. Nc4 h5 16. a4 {[%cal Gd1g4]}) 14. c5 Ng8 {Der Springer stand auf e7
schlecht.} 15. Nc4 Rf7 16. a4 Nf6 17. a5 Nh5 18. g3 (18. Rf2 {war die
Alternative, aber ich hielt einen Springer auf f4 für keinen netten Gast.})
18... Nf6 19. b5 f4 ({Ich untersuchte lange} 19... fxe4 20. fxe4 Bh3 {, kam
aber zur richtigen Schlussfolgerung, dass Weiss nach} 21. Rf3 Qe7 22. b6 axb6 (
22... dxc5 23. bxc7) 23. axb6 Rxa1 (23... Raf8 24. Ra7 $1) 24. Qxa1 {klar
besser steht.}) 20. g4 h5 21. h3 {[%csl Rg3]} ({Das thematische} 21. b6 {
zog ich kaum in Betracht, denn mein Plan war eher mit c5-c6 verbunden. Wenn
man aber Fritz folgt, entdeckt man die wilde Variante} axb6 22. axb6 Rxa1 23.
Qxa1 hxg4 24. bxc7 Qxc7 25. Qa3 $1 gxf3 26. cxd6 Qd8 27. Nxe5 Qb6+ 28. Kh1 fxe2
29. Nxf7+ Kg8 30. Nxe2 Kxf7 {, die zu einer schwer einzuschätzenden Stellung
führt.}) ({Es war auch interessant, den Bauern h2 nicht zu rühren, und} 21. c6
$5 hxg4 22. fxg4 {[%cal Ge2f3] zu versuchen.}) 21... Ne8 {[%cal Yd6c5]} (21...
hxg4 22. hxg4 Nh5 {bringt wegen} 23. Rf2 {nichts ein.}) 22. c6 (22. b6 $2 dxc5
23. bxc7 Qh4) 22... Qh4 23. Rf2 Bf8 (23... Qxh3 $2 {scheitert an} 24. Rh2 Qg3+
25. Kh1 {, wonach die schwarze Dame gefangen wird.}) ({Genauer war aber} 23...
Bf6 {, was gegenüber der Partie ein Tempo gewinnt.}) 24. Rh2 Qg3+ (24... Rh7
25. Qe1) 25. Kh1 Rh7 26. Qg1 Be7 27. Bd1 Bh4 28. Ra3 Nf6 29. Nd2 (29. Ne2 Qe1)
29... bxc6 ({Angesichts des schwarzen Staus am Damenflügel ist es schwer,
einen konstruktiven Plan vorzuschlagen. Nach} 29... Qe1 30. Re2 (30. Nf1 hxg4
$1 31. Re2 $140 $6 gxf3 $1 32. Rxe1 f2) 30... Qg3 (30... Qxg1+ 31. Kxg1 $16)
31. Qxg3 Bxg3 32. Kg1 $16 {[%cal Gd2c4,Gb5b6] ist das Endspiel klar
vorteilhaft für Weiss, weil er das Eindringen des schwarzen Läufers verhindern
konnte.}) 30. dxc6 {[%csl Rc7,Gd5][%cal Gc3d5]} Be6 $6 ({Endlich kann der
nominell gute Läufer ausgehen und sofort wird er abgetauscht.} 30... Kg7 31.
Nf1 (31. Nd5 Nxd5 32. exd5 hxg4 33. hxg4 Bxg4) 31... Qxg1+ 32. Kxg1 $14 Be6
$140 33. Bb3 Bxb3 34. Rxb3 Be1 $6 35. g5 $16) 31. Bb3 Bxb3 32. Rxb3 Qxg1+ 33.
Kxg1 Bg3 34. g5 $2 ({Dieses Qualitätsopfer ist wirklich unnötig, da Schwarz am
Königsflügel kaum was droht. Klarer Vorteil konnte mit den Alternativen
erzielt werden:} 34. Rg2 hxg4 35. hxg4 Kg7 (35... g5 36. Nd5 Nxd5 37. exd5 Kg7
38. Ne4 Rah8 39. Kf1 $16) 36. g5 Ne8 37. Nd5 $16) (34. Re2 hxg4 35. hxg4 Kg7
36. b6 Rah8 37. Nf1 $16) (34. Rh1 Be1 35. Ndb1 {/\ g5 +/-}) 34... Bxh2+ 35.
Kxh2 Ne8 36. h4 Kg8 37. Nd5 Kf7 38. Nc4 Ke6 39. Ra3 $138 {/\ b6} Rc8 40. Nb4 $2
({Als ich die Qualität opferte, schätzte ich meine Stellung als "etwas besser
ohne Risiko" ein. Aber nach dem fürchterlichen Textzug, der einen Bauern
sofort einstellt, gibt es doch noch Gefahr! Objektiv wird Weiss aber nach
langen Mannövern kaum Fortschritte erzielen können, z.B:} 40. Rb3 Ra8 (40... a6
$140 $2 41. b6 cxb6 42. axb6) 41. Nb2 Rf7 42. Nd3 Rb8 43. Nc3 Ke7 44. Nb4 Kd8
45. Na6 Ra8 46. Nd5 Kc8 (46... Ng7 47. Kg2 Ne6 48. Kf2 Nd4 49. Rb4) 47. Kg2 Kd8
48. Kf2 Kc8 49. Ke2 Rh7 50. Kd3 Rf7 51. Kc4 Rh7 52. Nab4 ({das Opfer} 52. Naxc7
Rxc7 53. Nxc7 Nxc7 {genügt nicht:} 54. Rd3 (54. b6 axb6 55. axb6 Ra4+) 54...
Ne8 (54... Rb8 55. Rxd6 Nxb5 56. Rxg6) 55. Kd5 Rb8 56. Rb3 Nc7+ 57. Kxd6 Rxb5
58. Rxb5 Nxb5+ 59. Kxe5 Kc7 60. Kf6 Nd4 61. e5 Nxf3 62. e6 Nd2 63. e7 Ne4+ {
gefolgt von Nd6}) 52... Kd8 53. Rb1 Rf7 $11 {, weil Schwarzen gegen den
Durchbruch} 54. b6 {gut gewappnet ist:} axb6 55. axb6 cxb6 56. Nxb6 Ra5) 40...
Rb8 41. b6 cxb6 42. axb6 axb6 43. Na6 $1 {Weiss rettet sich noch knapp!} Rc8
44. Nb4 Rhc7 (44... b5 45. Nb6 Rd8 46. N6d5 (46. N4d5 Rb8 47. Ra5 b4 48. Rb5
Ra7 49. Rxb4 Kf7 $15) 46... Rb8 47. Kg2 Rf7 48. Kf2 Nc7 49. Ra7 Na8 50. c7 Rc8
51. Na6 $11) 45. Nxb6 Rxc6 46. Nxc8 Rxc8 47. Ra7 ({Nicht aber} 47. Nd5 $2 Rc2+
48. Kh3 Nc7) 47... Rc7 ({Es gibt nichts zu machen, der Mehrbauer lässt nicht
verwerten:} 47... Nc7 48. Rb7 Kd7 49. Nd5 Kc6 50. Rb6+ Kc5 $140 $2 51. Rb2) 48.
Ra8 Kd7 49. Nd5 Rc2+ (49... Rb7 50. Kg2 Ng7 51. Rf8 (51. Rg8 Kc6 52. Rc8+ Kb5
53. Rf8 Ne6 54. Rf6 Nd4 55. Rxg6 Kc5) 51... Ne6 52. Rf6 Rb2+ 53. Kf1 Nd4 54.
Rxg6 Nxf3 55. Rg7+ $11) 50. Kg1 Nc7 51. Nxc7 Rxc7 52. Rg8 Rc1+ 1/2-1/2